[Event "Internationaux de France BLITZ"]
[Site "Saint Maur des Fosses, France"]
[Date "2024.06.16"]
[Round "11.5"]
[White "Papadiamandis, Elliot"]
[Black "Solodovnichenko, Yuri"]
[Result "0-1"]
[WhiteElo "2324"]
[BlackElo "2481"]
[PlyCount "102"]
[EventDate "2024.??.??"]

1. e4 {2} c5 {1} 2. Nc3 {2} Nc6 3. Nf3 {1} e6 {7} 4. d4 {6} cxd4 {1} 5. Nxd4 {1
} d6 {2} 6. g4 {15} h6 {14} 7. Be3 {5} Nf6 {12} 8. Be2 {69} Be7 {29} 9. Qd2 {9}
Nxd4 {11} 10. Qxd4 {25} e5 {1} 11. Qd1 {4} Be6 {10} 12. Rg1 {5} a6 {32} 13. Qd2
{15} d5 {12} 14. exd5 {4} Nxd5 {1} 15. Nxd5 {3} Qxd5 {3} 16. Qxd5 {10} Bxd5 {1}
17. O-O-O {2} Bc6 {19} 18. Bc4 {12} Bg5 {21} 19. Rde1 {8} f6 {17} 20. f4 {4}
Bh4 {2} 21. Ref1 {10} exf4 {42} 22. Bxf4 {4} Rd8 {6} 23. Be6 {27} Bd5 {9} 24.
Bxd5 {19} Rxd5 {1} 25. Rd1 Rxd1+ 26. Rxd1 {19} Bg5 {8} 27. Rd4 {1} Ke7 {5} 28.
Kd1 {7} Bxf4 {32} 29. Rxf4 {1} h5 {3} 30. Re4+ {9} Kd6 {5} 31. h3 {31} hxg4 {1}
32. hxg4 Rh4 {1} 33. Ke2 {12} f5 {6} 34. Rd4+ {1} Ke5 {11} 35. Rd7 {3} Rxg4 {2}
36. Rxb7 {1} g5 {15} 37. b4 {13} Kd4 {21} 38. Rc7 {11} Rg2+ {2} 39. Kf3 Rg1 {8}
40. Rc5 {22} f4 {11} 41. a4 {1} Rg3+ {1} 42. Kf2 g4 {6} 43. c3+ {7} Kd3 {11}
44. b5 {1} axb5 {12} 45. axb5 Re3 46. b6 {18} g3+ 47. Kf1 {25} f3 {1} 48. b7 {3
} g2+ 49. Kf2 Re2+ {5} 50. Kxf3 {1} g1=Q {4} 51. Rd5+ {6} Kc4 {10} 0-1

[Event "Internationaux de France BLITZ"]
[Site "Saint Maur des Fosses, France"]
[Date "2024.06.16"]
[Round "11.6"]
[White "Gatineau, Yovann"]
[Black "Boyer, Mahel"]
[Result "0-1"]
[WhiteElo "2414"]
[BlackElo "2455"]
[PlyCount "124"]
[EventDate "2024.??.??"]

1. d4 {128} g6 2. c4 {1} Bg7 3. Nf3 d6 4. e4 e5 {6} 5. dxe5 {3} dxe5 {1} 6.
Qxd8+ {2} Kxd8 {1} 7. Nc3 {1} c6 {4} 8. Be3 {10} f6 {10} 9. h4 {17} h5 {31} 10.
O-O-O+ Kc7 {9} 11. Nd2 {38} Bh6 {4} 12. Bc5 {34} Be6 {18} 13. Kc2 {3} Nd7 {3}
14. Ba3 {2} Bf8 {15} 15. Bxf8 {4} Rxf8 {2} 16. Be2 {5} Nh6 {10} 17. f3 {27} Nf7
{20} 18. b4 {9} a5 {4} 19. a3 {4} Ra8 {4} 20. Ra1 {14} g5 {49} 21. hxg5 {21}
fxg5 {12} 22. Nb3 {12} axb4 {8} 23. axb4 {1} h4 24. b5 {66} Nd6 {2} 25. bxc6 {
26} bxc6 {4} 26. Nd2 {7} Nc5 {8} 27. Na2 {29} Rhb8 {28} 28. Nc3 {4} Bf7 {28}
29. Bd3 {12} Ne6 {3} 30. Ne2 {1} Nc5 {11} 31. Rhb1 {7} Rd8 {2} 32. Nc1 {9} Ne6
{19} 33. Ncb3 {2} Nb7 {8} 34. Bf1 {3} Nf4 {25} 35. Rxa8 {5} Rxa8 {1} 36. Ra1
Rg8 {29} 37. Na5 {1} g4 {5} 38. Nxb7 {3} Kxb7 39. Ra5 {6} g3 {12} 40. Rxe5 {7}
Be6 41. Ra5 {7} h3 {4} 42. gxh3 {11} g2 43. Bxg2 Rxg2 44. Kc3 Ne2+ {4} 45. Kd3
{2} Nc1+ {3} 46. Ke3 {6} Rxd2 {12} 47. Re5 {3} Rd3+ 48. Kf4 {1} Bxh3 {6} 49. c5
{2} Ne2+ {3} 50. Kg5 {1} Rxf3 {2} 51. Re7+ Kc8 52. e5 {5} Nd4 {1} 53. Rh7 {2}
Be6 {3} 54. Rh1 {6} Rf5+ {7} 55. Kg6 Nf3 56. Rh8+ {7} Kb7 {6} 57. Rh7+ {3} Ka6
58. Re7 Nxe5+ {1} 59. Kh6 {1} Bd5 {6} 60. Kg7 {3} Rf7+ {1} 61. Kh8 {3} Ng6+ {3}
62. Kg8 {6} Rxe7# {4} 0-1

[Event "Internationaux de France BLITZ"]
[Site "Saint Maur des Fosses, France"]
[Date "2024.06.16"]
[Round "11.7"]
[White "Daeschler, Florian"]
[Black "Vlachos, Anatole"]
[Result "0-1"]
[WhiteElo "2254"]
[BlackElo "2470"]
[PlyCount "70"]
[EventDate "2024.??.??"]

1. d4 d5 2. c4 {1} c6 3. Nf3 {3} Nf6 {2} 4. e3 {1} Bf5 {1} 5. Nc3 {1} e6 6. Be2
Nbd7 {30} 7. Nh4 Be4 {7} 8. O-O {5} Bd6 {9} 9. Nxe4 {44} dxe4 {2} 10. g3 {2} h5
{8} 11. f4 {8} c5 {13} 12. f5 {28} Rh6 {29} 13. Qb3 {18} Qc7 {8} 14. Kg2 {13}
g5 {16} 15. fxg6 {6} fxg6 16. d5 {9} g5 {37} 17. dxe6 {2} gxh4 18. exd7+ {2}
Nxd7 {13} 19. Bd2 {26} O-O-O {10} 20. Qc2 {18} hxg3 {18} 21. h3 Qc6 {9} 22. Bc3
{20} Ne5 {39} 23. Bxe5 {27} Bxe5 24. Rf5 {12} Bc7 {10} 25. Rxh5 {7} Rf6 {8} 26.
Bg4+ {16} Kb8 {2} 27. Rf5 {53} Rfd6 {20} 28. Rd1 {5} Rxd1 {10} 29. Bxd1 {1} Ba5
{12} 30. Rd5 {18} Rxd5 {3} 31. cxd5 Qxd5 32. Kxg3 {2} Bc7+ {8} 33. Kg2 {11}
Qg5+ 34. Kf2 {11} Qg3+ {3} 35. Ke2 Qg2+ {2} 0-1

[Event "Internationaux de France BLITZ"]
[Site "Saint Maur des Fosses, France"]
[Date "2024.06.16"]
[Round "11.8"]
[White "Cotonnec, Melkior"]
[Black "Gryshko, Vitalii"]
[Result "0-1"]
[WhiteElo "2258"]
[BlackElo "2294"]
[PlyCount "64"]
[EventDate "2024.??.??"]

1. c4 {1} Nf6 {3} 2. g3 {4} e6 {3} 3. Bg2 {1} d5 {9} 4. Nf3 {1} d4 {2} 5. e3 {5
} c5 {5} 6. b4 {55} dxe3 {6} 7. fxe3 {1} cxb4 {3} 8. O-O {3} Nc6 {10} 9. d4 {8}
Be7 {11} 10. Bb2 {9} O-O {3} 11. Nbd2 {2} Bd7 {21} 12. Kh1 {10} Rc8 {10} 13. e4
{12} Ng4 {31} 14. Qe2 {5} Na5 {54} 15. Rac1 {5} Bg5 {18} 16. Nxg5 {137} Qxg5 {3
} 17. Nf3 Qh6 {25} 18. Rce1 {35} Nxc4 {9} 19. Bc1 {1} Qh5 {27} 20. Nh4 {41} Nf6
{17} 21. Bf3 {4} Qa5 {10} 22. Qg2 {20} e5 {7} 23. d5 {6} Nd6 {3} 24. Bg5 {2}
Nde8 {12} 25. Be2 {5} Qb6 {4} 26. h3 {4} h6 {4} 27. Bc1 {2} Kh7 {10} 28. Kh2 {4
} Rc2 {5} 29. Rf3 {5} Rxa2 {11} 30. Be3 {2} Qc7 {12} 31. Rf2 {2} Qc3 {8} 32.
Bc1 {4} Qxe1 {2} 0-1

[Event "Internationaux de France BLITZ"]
[Site "Saint Maur des Fosses, France"]
[Date "2024.06.16"]
[Round "12.1"]
[White "Moussard, Jules"]
[Black "Materia, Marco"]
[Result "1/2-1/2"]
[WhiteElo "2610"]
[BlackElo "2453"]
[PlyCount "108"]
[EventDate "2024.??.??"]

1. e4 {2} e5 {3} 2. Nf3 {1} Nc6 {1} 3. Bc4 {1} Bc5 {2} 4. O-O {2} Nf6 {2} 5. d3
{1} d6 {6} 6. c3 {2} Bb6 {7} 7. Nbd2 {8} O-O {16} 8. h3 {1} Ne7 {4} 9. Re1 {15}
Ng6 {4} 10. Bb3 {4} Be6 {14} 11. Bxe6 {17} fxe6 {2} 12. Nc4 {1} Nd7 {30} 13.
Nxb6 {52} axb6 {5} 14. d4 {6} exd4 {18} 15. cxd4 {24} Nh4 {21} 16. Nxh4 {14}
Qxh4 {2} 17. Qc2 {45} c6 {9} 18. Be3 {9} b5 {4} 19. a3 {11} Nf6 {84} 20. f3 {8}
Nh5 {19} 21. Qf2 {14} Qf6 {30} 22. Rad1 {13} Nf4 {14} 23. Qg3 {2} d5 {10} 24.
Bc1 {34} Rf7 {9} 25. exd5 {4} exd5 {3} 26. Kh2 {5} Raf8 {6} 27. Re5 {6} Ng6 {8}
28. Re2 {1} Nf4 {8} 29. Re5 {18} Ng6 {1} 30. Rg5 {6} Re8 {7} 31. h4 {1} Nf8 {17
} 32. Bf4 {13} Re2 {9} 33. Be5 {2} Qe7 {3} 34. Re1 {21} Rxe1 {5} 35. Qxe1 Ne6 {
5} 36. Rg4 {1} h5 {4} 37. Rg6 Nxd4 {2} 38. Rg5 {10} Nf5 {12} 39. Rxh5 {5} Qe6 {
1} 40. Rg5 {12} Re7 {11} 41. f4 Nd6 {7} 42. Qg3 {5} Qd7 43. Rg6 {7} Ne4 44. Qf3
{3} Qf5 {3} 45. h5 Kh7 {2} 46. g4 Qf8 {2} 47. Qe3 {9} Qe8 {10} 48. Qd4 {2} Qd7
{4} 49. b4 {7} Rf7 {2} 50. f5 {3} Qe7 {1} 51. Kh3 {2} Ng5+ {2} 52. Kg3 Ne4+ 53.
Kh3 {2} Ng5+ {1} 54. Kg3 Ne4+ 1/2-1/2

[Event "Internationaux de France BLITZ"]
[Site "Saint Maur des Fosses, France"]
[Date "2024.06.16"]
[Round "12.2"]
[White "Bellahcene, Bilel"]
[Black "Travadon, Loic"]
[Result "1/2-1/2"]
[WhiteElo "2544"]
[BlackElo "2445"]
[PlyCount "69"]
[EventDate "2024.??.??"]

1. e4 {110} c5 {8} 2. Nf3 Nc6 {6} 3. b4 cxb4 {16} 4. d4 d5 {5} 5. exd5 {1} Qxd5
{2} 6. c4 bxc3 {3} 7. Nxc3 Qa5 {4} 8. d5 e6 9. Qd2 Bb4 {5} 10. Bb2 exd5 {4} 11.
a3 Bd6 {10} 12. Nxd5 {8} Qxd2+ {3} 13. Nxd2 {1} Nf6 {3} 14. Nxf6+ {6} gxf6 {2}
15. Bxf6 {78} O-O {3} 16. Nc4 {46} Re8+ {4} 17. Be2 {1} Be7 {11} 18. Bb2 {8}
Bc5 {7} 19. Ne3 {53} Bd4 {11} 20. O-O-O {13} Bxb2+ {14} 21. Kxb2 {1} Be6 {2}
22. h4 {2} Rad8 {3} 23. Bb5 {12} f5 {15} 24. g3 {4} Kf7 {6} 25. Bxc6 {9} bxc6 {
2} 26. Kc3 Rb8 {19} 27. Rb1 Rb6 {14} 28. Rxb6 {9} axb6 {1} 29. Rb1 b5 {7} 30.
Kd4 {7} Ra8 {6} 31. Rc1 {44} Rxa3 {16} 32. Rxc6 Ra4+ {2} 33. Kc5 {26} f4 {2}
34. gxf4 {6} Rxf4 {2} 35. Rc7+ {3} 1/2-1/2

[Event "Internationaux de France BLITZ"]
[Site "Saint Maur des Fosses, France"]
[Date "2024.06.16"]
[Round "12.3"]
[White "Vlachos, Anatole"]
[Black "Fressinet, Laurent"]
[Result "0-1"]
[WhiteElo "2470"]
[BlackElo "2633"]
[PlyCount "76"]
[EventDate "2024.??.??"]

1. e4 {671} e5 2. Nf3 {2} Nc6 {1} 3. Bc4 {2} Nf6 {1} 4. d3 {1} Bc5 {1} 5. Bg5 {
2} h6 {5} 6. Bh4 Be7 {5} 7. Bg3 {2} d6 {3} 8. a4 {1} Be6 {15} 9. Bxe6 {5} fxe6
{1} 10. c3 {10} O-O {9} 11. O-O {23} Qe8 {68} 12. Qb3 {16} Nd8 {5} 13. Nbd2 {8}
Nh5 {6} 14. d4 {1} exd4 {8} 15. cxd4 c6 {9} 16. Nc4 {18} Nxg3 {19} 17. hxg3 {1}
Qd7 {29} 18. Rfe1 {2} Nf7 {3} 19. Rad1 {14} Rac8 {12} 20. a5 {36} Bd8 {14} 21.
Re2 {35} Rb8 {11} 22. Nh4 {7} d5 {29} 23. exd5 {17} exd5 {12} 24. Ne5 {39} Nxe5
{2} 25. dxe5 Qg4 {14} 26. Nf3 {19} Bxa5 {32} 27. Qa3 {72} Bb6 {6} 28. Kf1 {17}
Rbe8 {3} 29. Rde1 {4} Re6 {9} 30. Qd3 {2} Qh5 {23} 31. Kg1 {3} Qf5 {2} 32. Qd2
{10} Qg4 {8} 33. Kf1 {9} Rxf3 {4} 34. gxf3 {6} Qxf3 35. Re3 {3} Qh1+ {21} 36.
Ke2 Qh5+ {1} 37. Kd3 {10} Qf5+ {5} 38. Ke2 {3} Bxe3 {1} 0-1

[Event "Internationaux de France BLITZ"]
[Site "Saint Maur des Fosses, France"]
[Date "2024.06.16"]
[Round "12.4"]
[White "Solodovnichenko, Yuri"]
[Black "Shirazi, Kamran"]
[Result "1-0"]
[WhiteElo "2481"]
[BlackElo "2258"]
[PlyCount "105"]
[EventDate "2024.??.??"]

1. e4 d5 {9} 2. exd5 {1} c6 3. d4 {8} cxd5 {3} 4. Bd3 Nc6 {1} 5. c3 e5 {1} 6.
dxe5 {3} Nxe5 7. Nf3 {1} Nc6 {10} 8. O-O {7} Bc5 {2} 9. b4 {63} Bb6 {10} 10. b5
{7} Na5 {24} 11. Re1+ {12} Ne7 {2} 12. Ba3 {3} Be6 {1} 13. Ng5 {13} Qd7 {28}
14. Qh5 {97} g6 {14} 15. Qh4 {1} Bd8 {35} 16. Nxe6 {41} fxe6 {4} 17. Qf6 {3}
Rf8 {16} 18. Qxe6 {6} Qxe6 {8} 19. Rxe6 {2} Rf7 {2} 20. Nd2 {6} Rc8 {10} 21.
Bb4 {7} b6 {18} 22. Rae1 {4} Nb7 {3} 23. Nf3 {20} Nc5 {47} 24. Bxc5 {5} Rxc5 {9
} 25. Ne5 {16} Rxc3 {8} 26. Nxf7 {6} Kxf7 27. R6e3 {9} d4 {6} 28. Rf3+ {2} Kg7
{4} 29. Be4 {10} Rc5 {4} 30. Ra3 {12} Rxb5 {6} 31. Rxa7 {2} Kf6 32. Rd7 {9} d3
{4} 33. Rxd8 {5} Ra5 {6} 34. Rxd3 {5} Rxa2 {1} 35. Rd6+ {5} Kg5 {2} 36. Rxb6 {6
} Nc8 {5} 37. Rb5+ {2} Kh6 {2} 38. g3 {4} Nd6 {1} 39. Rb4 {2} Rd2 {9} 40. Kg2 {
1} Kg7 {8} 41. Bf3 {3} Nf5 {6} 42. Rbe4 Kf6 {3} 43. Bg4 {5} Ng7 {8} 44. Rf4+ {5
} Kg5 45. h4+ {1} Kh6 {2} 46. Rf7 {2} Rd4 {2} 47. Ree7 {4} Rxg4 {12} 48. Rxg7 {
5} g5 49. f4 {6} Rxg3+ {17} 50. Kxg3 {2} gxh4+ {3} 51. Kh2 {1} Kh5 {2} 52. Rg5+
{2} Kh6 {2} 53. Re6# {1} 1-0

[Event "Internationaux de France BLITZ"]
[Site "Saint Maur des Fosses, France"]
[Date "2024.06.16"]
[Round "12.5"]
[White "Gryshko, Vitalii"]
[Black "Boyer, Mahel"]
[Result "0-1"]
[WhiteElo "2294"]
[BlackElo "2455"]
[PlyCount "86"]
[EventDate "2024.??.??"]

1. e4 {731} g6 {4} 2. c3 {14} Bg7 {3} 3. d4 {2} d6 {1} 4. Nf3 {9} Nf6 {1} 5.
Bd3 O-O {2} 6. h3 {8} Nbd7 {3} 7. Be3 {2} e5 {2} 8. Nbd2 {8} b6 {15} 9. dxe5 {4
} dxe5 {5} 10. Qc2 {8} Qe7 {3} 11. b4 {32} a5 12. a3 {1} Bb7 {10} 13. O-O {4}
Rfd8 {7} 14. Nc4 {17} axb4 {4} 15. axb4 {5} Nh5 {3} 16. Bg5 {6} Bf6 {3} 17.
Bxf6 {35} Qxf6 {2} 18. Ne3 {1} Nf4 {2} 19. Ng4 {21} Nxh3+ {57} 20. Kh2 {44}
Qf4+ {2} 21. Kxh3 {8} h5 {2} 22. Ngh2 {56} g5 {103} 23. g3 {1} g4+ 24. Kg2 {21}
gxf3+ {2} 25. Nxf3 {6} Qf6 26. Rxa8 {2} Bxa8 {30} 27. Rh1 Qh6 {18} 28. Nh4 Qg5
{16} 29. Nf3 {6} Qh6 {10} 30. Nh4 {14} Nf6 31. Nf5 {3} Qg5 32. f3 Bc6 {9} 33.
Rd1 {4} Ra8 {4} 34. Ne7+ {5} Kf8 {12} 35. Nxc6 {3} h4 36. g4 {10} Qf4 {7} 37.
Qf2 {2} Nxg4 {16} 38. fxg4 {13} Qxg4+ {1} 39. Kh2 Qxd1 {7} 40. Nxe5 {16} Qh5
41. Nd7+ {7} Ke7 {6} 42. Be2 {13} Qg5 {3} 43. Qf5 {3} Qxf5 {9} 0-1

[Event "Internationaux de France BLITZ"]
[Site "Saint Maur des Fosses, France"]
[Date "2024.06.16"]
[Round "12.6"]
[White "Zienkiewicz, Jan"]
[Black "Sebag, Marie"]
[Result "1-0"]
[WhiteElo "2149"]
[BlackElo "2441"]
[PlyCount "101"]
[EventDate "2024.??.??"]

1. e4 {1} c5 2. Nf3 {1} d6 3. d4 {3} cxd4 {1} 4. Nxd4 Nf6 5. Nc3 {1} a6 6. h3 {
1} e5 {3} 7. Nb3 {1} Be6 {16} 8. f4 {1} Nc6 {16} 9. f5 {9} Bxb3 {2} 10. axb3 d5
{8} 11. exd5 {8} Nb4 12. Be3 {55} Nbxd5 {9} 13. Nxd5 {8} Nxd5 {2} 14. Bf2 {9}
Bb4+ {32} 15. c3 {1} Nxc3 {6} 16. bxc3 {7} Bxc3+ 17. Ke2 Bxa1 {2} 18. Qxa1 {5}
O-O {2} 19. Be3 {48} Qd5 {9} 20. Qd1 {13} Qe4 {36} 21. Qd3 {13} Qh4 {8} 22. Kf3
{61} e4+ {58} 23. Qxe4 {2} Qf6 {3} 24. Be2 {34} Rfe8 {6} 25. Qf4 {2} Re7 {53}
26. Rd1 {39} Rae8 {18} 27. Rd3 {2} h6 {8} 28. Kf2 {26} Re5 {14} 29. g4 {6} Qh4+
{7} 30. Kg2 {7} Re4 {2} 31. Qf3 {12} Qe7 {4} 32. Kf2 {3} Qe5 {6} 33. Bf1 {6}
Qb2+ {11} 34. Kg3 {3} Qc2 {10} 35. Bf2 {8} Qc7+ {10} 36. Kg2 Qc2 {2} 37. Kg1 {
10} Qc1 {4} 38. Bg3 {8} Re3 {4} 39. Rxe3 {3} Rxe3 {2} 40. Qf4 {2} Qc3 {4} 41.
Bf2 {2} Rf3 {2} 42. Qb8+ Kh7 43. Qxb7 {2} Qxb3 {11} 44. Qxb3 {3} Rxb3 45. Bxa6
{2} Rxh3 46. Kg2 {2} Ra3 47. Be2 {2} Ra2 {1} 48. Bf3 {3} Kg8 {3} 49. Kg3 {2}
Ra3 50. Bd4 {5} Kf8 {3} 51. Bc5+ {h5 5} 1-0

[Event "Internationaux de France BLITZ"]
[Site "Saint Maur des Fosses, France"]
[Date "2024.06.16"]
[Round "12.7"]
[White "Sochacki, Christophe"]
[Black "Lagarde, Maxime"]
[Result "0-1"]
[WhiteElo "2449"]
[BlackElo "2604"]
[PlyCount "92"]
[EventDate "2024.??.??"]

1. Nf3 {6} d5 {5} 2. c4 d4 {3} 3. e3 {10} Nc6 {2} 4. b4 {27} dxe3 {4} 5. fxe3 {
3} Nxb4 {5} 6. d4 {15} e5 {4} 7. a3 {16} e4 {31} 8. axb4 {59} exf3 {1} 9. c5 {
13} fxg2 {22} 10. Bxg2 Qh4+ 11. Kd2 {1} Nf6 {26} 12. Nc3 {4} c6 {23} 13. b5 {13
} Bd7 {2} 14. Qe1 {40} Qh5 {20} 15. Na4 {15} Rd8 {10} 16. Nc3 {2} Bxc5 {12} 17.
Qg3 {20} Bb4 {13} 18. bxc6 {20} Bxc6 {6} 19. Bxc6+ {7} bxc6 {1} 20. Qxg7 {3}
Ne4+ {46} 21. Kc2 {9} Bxc3 {68} 22. Qxh8+ {3} Kd7 {2} 23. Rxa7+ {1} Ke6 {1} 24.
Qe5+ {28} Qxe5 {1} 25. dxe5 Bxe5 {2} 26. Rf1 {5} Rg8 {31} 27. Ba3 {18} Rg2+ {15
} 28. Kd3 f5 {2} 29. Rxh7 {16} Ra2 {1} 30. Bf8 {10} Kd5 {15} 31. Rd7+ {5} Ke6
32. Rh7 {18} Rd2+ {4} 33. Kc4 Rc2+ 34. Kb3 {7} Rb2+ {2} 35. Ka3 {4} Rb8 {2} 36.
Bb4 {6} c5 {3} 37. Ba5 {4} Ra8 {6} 38. Rh6+ {3} Kd5 {5} 39. Rxf5 {3} Rxa5+ {2}
40. Kb3 Rb5+ {7} 41. Ka3 {2} Rb8 {6} 42. h4 {5} Nd6 {3} 43. Rg5 {2} Nc4+ {2}
44. Ka2 Rb2+ 45. Ka1 Rb6+ {4} 46. Ka2 {2} Rxh6 {7} 0-1

[Event "Internationaux de France BLITZ"]
[Site "Saint Maur des Fosses, France"]
[Date "2024.06.16"]
[Round "12.8"]
[White "Shchekachev, Andrei"]
[Black "Dardha, Daniel"]
[Result "1-0"]
[WhiteElo "2492"]
[BlackElo "2649"]
[PlyCount "99"]
[EventDate "2024.??.??"]

1. Nf3 {1} d5 {2} 2. d4 {2} Nf6 {4} 3. c4 {2} e6 {4} 4. Nc3 {2} Nbd7 {2} 5. Bf4
{12} Bb4 {3} 6. cxd5 {7} exd5 {2} 7. e3 {5} Ne4 {4} 8. Qc2 {5} g5 {3} 9. Be5 {4
} Rg8 {36} 10. Bd3 {50} g4 {31} 11. Bxe4 {5} dxe4 {6} 12. Nd2 {3} Bxc3 {48} 13.
Qxc3 {23} Nxe5 {3} 14. dxe5 {1} Qd3 {9} 15. Rc1 {49} Be6 {9} 16. Qxd3 {17} exd3
{2} 17. Ne4 {35} O-O-O {12} 18. Kd2 Kb8 {15} 19. Rc3 {16} Rge8 {3} 20. Nf6 {10}
Re7 {11} 21. f4 {11} gxf3 {33} 22. gxf3 Bxa2 {20} 23. f4 {14} Re6 {6} 24. Rxd3
{10} Rxd3+ {5} 25. Kxd3 a5 {10} 26. Ra1 {5} Bb3 {10} 27. Rxa5 {3} Rc6 {4} 28.
Ra3 {10} Bc2+ {9} 29. Kd4 {2} b5 {3} 30. Rc3 {3} Kb7 {11} 31. b4 Bb1 {18} 32.
Rxc6 {2} Kxc6 {1} 33. e4 h6 {2} 34. h4 {2} Bc2 {3} 35. Ng4 {4} h5 {2} 36. Nf6
Bd1 {2} 37. f5 {3} Be2 {2} 38. Nd5 {4} Kd7 {2} 39. Nf4 {4} Bg4 {3} 40. e6+ {3}
fxe6 {2} 41. Nxe6 {2} Kd6 {1} 42. e5+ {6} Ke7 {4} 43. Ke4 {2} Be2 {10} 44. Nd4
{23} Bc4 {2} 45. f6+ {5} Kf7 46. Kf5 {2} c5 {5} 47. e6+ {6} Kf8 {7} 48. bxc5 {2
} b4 49. c6 {2} b3 {5} 50. c7 {2} 1-0

[Event "Internationaux de France BLITZ"]
[Site "Saint Maur des Fosses, France"]
[Date "2024.06.16"]
[Round "13.1"]
[White "Fressinet, Laurent"]
[Black "Moussard, Jules"]
[Result "1/2-1/2"]
[WhiteElo "2633"]
[BlackElo "2610"]
[PlyCount "103"]
[EventDate "2024.??.??"]

1. d4 d5 {7} 2. Nf3 {4} e6 {4} 3. c4 {1} Nf6 {3} 4. Nc3 {3} Nbd7 {18} 5. Bg5 {3
} h6 {7} 6. Bh4 {2} c6 {8} 7. e3 {5} Be7 {1} 8. Bd3 {14} O-O {3} 9. O-O {2}
dxc4 {19} 10. Bxc4 {2} b5 11. Bd3 {1} Bb7 {6} 12. Rc1 {2} a6 {15} 13. Bxf6 {13}
Nxf6 {27} 14. Ne4 {4} Rc8 {24} 15. Nc5 {47} Bxc5 {2} 16. dxc5 Qc7 {2} 17. Qc2 {
28} Rcd8 {3} 18. Rfd1 {9} e5 {6} 19. Be2 {34} Bc8 {5} 20. Rxd8 {14} Rxd8 {1}
21. Rd1 Rxd1+ {11} 22. Qxd1 {9} Be6 {2} 23. a3 {15} a5 {2} 24. Qd2 {21} a4 {27}
25. Qd6 {22} Qxd6 {5} 26. cxd6 {1} Nd7 {2} 27. Ne1 {7} f5 {51} 28. Nc2 {6} Kf7
{12} 29. f4 {32} Kf6 {2} 30. Nb4 {9} Nb8 {1} 31. Kf2 {21} Bd7 {20} 32. g4 {43}
exf4 {12} 33. exf4 {4} Ke6 {1} 34. gxf5+ {7} Kxd6 {1} 35. Bd3 c5 {8} 36. Na2 {1
} c4 {3} 37. Be4 {5} Na6 {3} 38. Ke3 {1} Kc5 {8} 39. Bc2 {5} Nc7 {12} 40. Nc3 {
2} Nd5+ {8} 41. Nxd5 {1} Kxd5 {1} 42. Be4+ {1} Kc5 43. Bc2 Bc6 {8} 44. h4 {4}
Bd5 {2} 45. Bb1 {4} Bc6 {10} 46. Bc2 Be8 {26} 47. Bd1 {5} Bd7 {6} 48. Bc2 Bc6 {
1} 49. Bd1 {2} Bd7 {21} 50. Bc2 {1} Be8 51. Bd1 {5} Bc6 {23} 52. Bc2 {1}
1/2-1/2

[Event "Internationaux de France BLITZ"]
[Site "Saint Maur des Fosses, France"]
[Date "2024.06.16"]
[Round "13.2"]
[White "Boyer, Mahel"]
[Black "Bellahcene, Bilel"]
[Result "0-1"]
[WhiteElo "2455"]
[BlackElo "2544"]
[PlyCount "62"]
[EventDate "2024.??.??"]

1. Nf3 {1} d5 {4} 2. e3 {2} Bg4 {9} 3. c4 {1} e6 {10} 4. Qb3 {17} Bxf3 {3} 5.
Qxb7 {5} Nd7 6. gxf3 {3} Rb8 {2} 7. Qc6 {5} d4 {8} 8. exd4 {4} Ne7 {7} 9. Qa4 {
7} Nf5 {4} 10. c5 Be7 {19} 11. Bd3 {21} O-O {8} 12. Nc3 {40} Nxc5 {7} 13. dxc5
{5} Qxd3 {1} 14. Qe4 {7} Qa6 {30} 15. d4 {34} Rfd8 {8} 16. Ne2 {4} Bf6 {5} 17.
O-O {15} Bxd4 {14} 18. Bg5 {6} f6 {22} 19. Bf4 {20} Rxb2 {2} 20. Ng3 {34} Nxg3
{16} 21. Bxg3 {1} Re2 {13} 22. Qg4 {35} Bxa1 {3} 23. Rxa1 {1} e5 {7} 24. f4 {9}
Qc4 {17} 25. Qf3 {13} exf4 {24} 26. Bxf4 {6} Re7 {1} 27. Rc1 {29} Qd5 28. Qa3 {
4} Rde8 {1} 29. Qa5 {13} c6 {10} 30. h3 {19} h5 {2} 31. Bd6 {2} Qg5+ {4} 0-1

[Event "Internationaux de France BLITZ"]
[Site "Saint Maur des Fosses, France"]
[Date "2024.06.16"]
[Round "13.3"]
[White "Travadon, Loic"]
[Black "Solodovnichenko, Yuri"]
[Result "1-0"]
[WhiteElo "2445"]
[BlackElo "2481"]
[PlyCount "67"]
[EventDate "2024.??.??"]

1. e4 {2} c5 {1} 2. Nc3 {2} Nc6 {1} 3. Bb5 {2} Nd4 {1} 4. Nf3 {2} e6 {2} 5. O-O
{2} a6 {6} 6. Bd3 {2} Nxf3+ {2} 7. Qxf3 {2} Bd6 {1} 8. b3 {36} Qc7 {10} 9. g3 {
3} Ne7 {2} 10. Bb2 {2} Ng6 {15} 11. Qg2 {8} Be5 {9} 12. f4 {10} Bd4+ {1} 13.
Kh1 {2} b5 {2} 14. a4 {11} b4 {35} 15. Nd1 {2} Bxb2 {2} 16. Nxb2 {2} Bb7 {1}
17. Be2 {37} h5 {33} 18. h4 {2} Ne7 {47} 19. Bf3 {4} Nc6 {9} 20. e5 {5} g5 {56}
21. fxg5 {5} Qxe5 {3} 22. Nc4 {3} Qc7 {3} 23. Kh2 {45} O-O-O {18} 24. Bxc6 {17}
Bxc6 {4} 25. Qf2 {1} d5 {26} 26. Nb2 {4} Be8 {14} 27. Nd3 {4} d4 {2} 28. Rae1 {
18} Rd5 {2} 29. Qf6 {12} Rh7 {24} 30. g6 {11} fxg6 {42} 31. Qxe6+ {1} Rdd7 {7}
32. Qxe8+ {4} Kb7 33. Qe4+ {3} Ka7 {4} 34. Qe5 {1} 1-0

[Event "Internationaux de France BLITZ"]
[Site "Saint Maur des Fosses, France"]
[Date "2024.06.16"]
[Round "13.4"]
[White "Materia, Marco"]
[Black "Zienkiewicz, Jan"]
[Result "1-0"]
[WhiteElo "2453"]
[BlackElo "2149"]
[PlyCount "111"]
[EventDate "2024.??.??"]

1. Nf3 {706} Nf6 {1} 2. c4 g6 3. Nc3 {2} Bg7 4. d4 O-O {2} 5. Bg5 {1} c5 {2} 6.
d5 h6 {5} 7. Bh4 {2} b5 {30} 8. cxb5 {9} a6 {2} 9. e3 {8} d6 {18} 10. Be2 {17}
axb5 {1} 11. Bxb5 Ba6 {4} 12. O-O {8} Bxb5 {8} 13. Nxb5 {1} Nbd7 {6} 14. Re1 {
40} Ra5 {8} 15. Nc3 {14} Qa8 {6} 16. e4 {5} Rb8 {2} 17. Qc2 {8} Nb6 {5} 18. Nd2
{14} g5 {27} 19. Bg3 Nh5 20. a3 {31} Nxg3 {4} 21. hxg3 Qa7 {35} 22. Ra2 {8} Qd7
{29} 23. Nd1 {8} e6 {31} 24. Ne3 {8} Rb5 {25} 25. b3 {29} Nc8 {9} 26. Qd3 {17}
Ne7 {5} 27. dxe6 {41} fxe6 {7} 28. Rd1 {17} d5 {3} 29. exd5 {1} exd5 30. Rc2 {7
} Qe6 {27} 31. a4 {10} Ra5 32. Nf3 {3} Rd8 {14} 33. Re2 {6} Qd7 {19} 34. Red2 {
19} c4 {28} 35. Nxc4 {3} Rc5 {7} 36. Ne3 {5} Rc3 {2} 37. Qa6 {6} Rxb3 {27} 38.
Nxd5 {6} Kh8 {8} 39. Nxe7 {3} Qxe7 {3} 40. Rxd8+ {1} Kh7 41. Qc4 {5} Rc3 {2}
42. Qg8+ {2} Kg6 43. g4 {4} Rc6 {3} 44. Qe8+ {3} Qxe8 {6} 45. Rxe8 {1} Ra6 46.
Re4 {1} h5 {3} 47. gxh5+ {1} Kxh5 {1} 48. Rd5 Bf6 {3} 49. g4+ {4} Kg6 50. Kg2
Kh6 {3} 51. Rf5 {2} Kg6 {1} 52. Ne5+ Kh6 {1} 53. Nd7 {2} Bd8 {2} 54. Re8 {1}
Bc7 {9} 55. Rf6+ {1} Rxf6 {3} 56. Nxf6 {1} 1-0

[Event "Internationaux de France BLITZ"]
[Site "Saint Maur des Fosses, France"]
[Date "2024.06.16"]
[Round "13.5"]
[White "Girel, Joseph"]
[Black "Shchekachev, Andrei"]
[Result "0-1"]
[WhiteElo "2464"]
[BlackElo "2492"]
[PlyCount "112"]
[EventDate "2024.??.??"]

1. e4 {2} e5 {2} 2. Nf3 {2} Nc6 {1} 3. Bb5 {7} a6 {2} 4. Ba4 {1} Nf6 {2} 5. Nc3
{2} d6 {2} 6. Bxc6+ {4} bxc6 {2} 7. d4 {2} Nd7 8. dxe5 {8} dxe5 {2} 9. O-O {5}
Bd6 {5} 10. Be3 {10} a5 {7} 11. Ne1 {53} O-O {13} 12. Nd3 {1} Qe7 {6} 13. Na4 {
17} Ba6 {9} 14. b3 {3} Bb5 {7} 15. Nab2 {11} c5 {13} 16. a4 {11} Ba6 {2} 17.
Nc4 {9} Bxc4 {9} 18. bxc4 Nb6 {6} 19. Nb2 {3} Qe6 {9} 20. Qd3 {3} Rfd8 {2} 21.
Qc3 {3} Be7 {18} 22. Rfd1 {13} Rxd1+ {3} 23. Rxd1 {1} f6 {4} 24. Qb3 {14} Qc6 {
12} 25. f3 {7} Rc8 {45} 26. Qb5 {38} Qxb5 {13} 27. cxb5 {2} c4 {1} 28. Bxb6 {36
} cxb6 29. Rd7 {1} Bc5+ {30} 30. Kf1 {2} Bd4 {2} 31. Nd1 {6} c3 {1} 32. Ke2 {27
} Rc4 {11} 33. Ne3 {3} Rxa4 {6} 34. Nf5 {27} Bc5 {83} 35. Rxg7+ {7} Kh8 {7} 36.
Kd3 {14} Rb4 {6} 37. Ra7 {12} Kg8 {3} 38. Kxc3 {5} Rxb5 {5} 39. Kc4 {4} Rb2 {8}
40. Kd5 {2} Rxc2 {3} 41. g4 Bf8 {23} 42. Rb7 {20} a4 {5} 43. Rxb6 {5} a3 {1}
44. Ra6 a2 {3} 45. Ra8 {8} Kf7 {15} 46. Ra7+ Kg8 {2} 47. g5 {6} fxg5 {12} 48.
Kxe5 {2} Rxh2 {4} 49. Kf6 {2} Rb2 {6} 50. e5 {3} Rb3 {10} 51. e6 {4} Rxf3 {2}
52. Ra8 {2} a1=R {6} 53. Rxa1 {1} Bg7+ 54. Kxg5 {3} Bxa1 {2} 55. Nd6 {6} Kf8 {2
} 56. Nf5 {2} h5 {3} 0-1